| 000 | 01086nam a2200325 a 4500 | ||
|---|---|---|---|
| 003 | BLK | ||
| 005 | 20230629122040.0 | ||
| 008 | 180412b bul|||||r ||||||| ||bul|| | ||
| 010 | _aKNG00013891000 | ||
| 020 | _a954-8511-06-1 | ||
| 040 | _aBLK | ||
| 041 |
_aBUL _cBUL |
||
| 080 |
_aБългарска литература _b821.163.2 _x-193 _z821.163.2-193 |
||
| 100 | 1 |
_aТодоров, Цветан Милков _eпърви автор _9257402 |
|
| 139 |
_aТодоров, Цветан Милков _bТ 64 |
||
| 245 | 1 | 0 |
_aМоностихове по монокини _cЦветан Милков Тодоров. |
| 257 | _aBGR | ||
| 260 |
_aСофия _bЛепур _c1995 _fБлагоевград : Пиринпринт |
||
| 300 |
_a32 с. _c20 см |
||
| 380 | _aX | ||
| 852 |
_aЦб 176682 _bЦб |
||
| 852 | _aК 821.163.2/Т 64 Ц | ||
| 856 | 4 |
_qpdf _u |
|
| 856 | 4 |
_qpdf _u |
|
| 942 |
_cKNG _n0 _s1 |
||
| 944 |
_aCR _c15.01.2003 _kГеновева_Генчева |
||
| 944 |
_aED _c30.06.2015 _kВаля_Йорданова |
||
| 999 |
_c12301 _d12301 |
||
| 999 | _d12301 | ||
| 999 | _d12301 | ||